| 000 | 01684ngm a22003370a 4500 | ||
|---|---|---|---|
| 001 | PT45085 | ||
| 003 | AR-LpoUNG | ||
| 005 | 20210201235949.0 | ||
| 007 | vd cvaizq | ||
| 008 | 191001s2008||||ag |||||||||||||||||spa d | ||
| 040 |
_aAR-LpoUNG _bspa _cAR-LpoUNG _eaacr |
||
| 041 |
_aspa _apor _aeng |
||
| 044 | _aag | ||
| 082 | 0 | _a781.63 668pod | |
| 100 | 1 |
_aLevy-Hinte, Jeffrey _edir. |
|
| 245 | 1 | 3 | _aEl poder del soul |
| 260 |
_aBuenos Aires : _bSony Pictures Classics, _c2008. |
||
| 300 | _aDVD (92 min.) : son., col. | ||
| 505 | 0 | _aSubtítulos en inglés, inglés SDH, español y portugués. Protagonistas: Roderick Young, Kevin Keating, Albert Maysles, Paul Goldsmith. Incluye material extra: escenas eliminadas y comentario de los realizadores. | |
| 520 | _aEn 1974 los más célebres cantantes norteamericanos de R&B de la época se reunieron con los grupos musicales más famosos de África para un concierto de tres noches en Kinshasa, Zaire. Este festival de música se convirtió en realidad cuando Hugh Masekela y Stewart Levine convencieron al promotor de boxeo Don King para que combinara el evento con "The Rumble in the Jungle", la épica pelea entre Muhammad Ali y George Foreman. Soul Power es un documental vérité sobre este legendario festival (conocido como "Zaire '74"), y narra las experiencias y actuaciones de lumbreras musicales tales como James Brown, BB King, Bill Withers y Celia Cruz, entre muchos otros. | ||
| 650 | 4 | _aAFRICA | |
| 650 | 4 | _aMUSICA | |
| 650 | 4 | _aMUSICA POPULAR | |
| 653 | _aCINE ESTADOUNIDENSE | ||
| 653 | _aDOCUMENTALES | ||
| 653 | _aDVD | ||
| 653 | _aMUSICAL | ||
| 653 | _aVIDEOS | ||
| 905 | _a45085 | ||
| 942 | _cDVD | ||
| 999 |
_c53874 _d53874 |
||